[Event "GBR-ch109 Over 65"]
[Site "Leicester"]
[Date "2023.07.27"]
[Round "4.13"]
[White "Fryer, David William"]
[Black "Raynes, Paul C"]
[Result "1-0"]
[WhiteElo "1880"]
[BlackElo "2062"]
[PlyCount "77"]
[EventDate "2023.07.24"]
[EventType "swiss"]
[EventRounds "7"]
[EventCountry "GBR"]
[SourceTitle "BritBase"]
[Source "John Saunders"]
[SourceDate "2025.01.31"]
[SourceVersion "1"]
[SourceVersionDate "2025.01.31"]
[SourceQuality "1"]

1. e4 c5 2. Nf3 e6 3. d4 cxd4 4. Nxd4 Nf6 5. Nc3 Nc6 6. Be3 Bb4 7. f3 d5 8. Bb5 Bd7 9. O-O Bxc3 10. bxc3 dxe4 11. fxe4 Ne5 12. Bd3 Nfg4 13. Bf4 h5 14. Bxe5 Nxe5 15. Qe1 Qc7 16. Qg3 O-O-O 17. Rab1 h4 18. Qe1 g5 19. Nf3 Bc6 20. Nxe5 Qxe5 21. Qe3 f5 22. Qxa7 h3 23. g3 Bxe4 24. Rb5 Qxb5 25. Bxb5 Rd2 26. Qc5+ Kb8 27. Rf2 Rd1+ 28. Bf1 Rhd8 29. Qe5+ Ka7 30. Qa5+ Kb8 31. Qe5+ Ka7 32. Re2 Bc6 33. Kf2 g4 34. c4 R8d6 35. Re1 R1d2+ 36. Be2 Bf3 37. Ke3 Be4 38. Qa5+ Kb8 39. Qxd2 1-0

[Event "GBR-ch109 Over 65"]
[Site "Leicester"]
[Date "2023.07.27"]
[Round "4.14"]
[White "Campbell, Ian"]
[Black "Ingham, H William"]
[Result "1/2-1/2"]
[WhiteElo "1952"]
[BlackElo "1833"]
[PlyCount "65"]
[EventDate "2023.07.24"]
[EventType "swiss"]
[EventRounds "7"]
[EventCountry "GBR"]
[SourceTitle "BritBase"]
[Source "John Saunders"]
[SourceDate "2025.01.31"]
[SourceVersion "1"]
[SourceVersionDate "2025.01.31"]
[SourceQuality "1"]

1. d4 Nf6 2. Nf3 g6 3. e3 Bg7 4. Nbd2 O-O 5. b3 b6 6. Bb2 d5 7. c4 Bb7 8. Qc2 Nbd7 9. c5 c6 10. b4 b5 11. Nb3 Qc7 12. Be2 Rae8 13. Bd3 e5 14. dxe5 Ng4 15. e6 fxe6 16. Bxg7 Kxg7 17. h3 Nge5 18. Qc3 Kg8 19. Nxe5 Nxe5 20. Be2 Nc4 21. O-O e5 22. a4 Ba6 23. Ra2 e4 24. Nd4 bxa4 25. Rxa4 Bb5 26. Ra2 a6 27. Rfa1 Qf7 28. Bf1 Ne5 29. Nxb5 axb5 30. Qd2 Re7 31. Ra8 Rxa8 32. Rxa8+ Re8 33. Ra2 1/2-1/2

[Event "GBR-ch109 Over 65"]
[Site "Leicester"]
[Date "2023.07.27"]
[Round "4.15"]
[White "Chadwick, Susan E"]
[Black "Harding, Timothy David"]
[Result "0-1"]
[WhiteElo "1455"]
[BlackElo "1928"]
[PlyCount "140"]
[EventDate "2023.07.24"]
[EventType "swiss"]
[EventRounds "7"]
[EventCountry "GBR"]
[SourceTitle "BritBase"]
[Source "John Saunders"]
[SourceDate "2025.01.31"]
[SourceVersion "1"]
[SourceVersionDate "2025.01.31"]
[SourceQuality "1"]

1. e4 e5 2. Nc3 Nf6 3. f4 d5 4. exd5 Nxd5 5. Nf3 Nxc3 6. dxc3 Qxd1+ 7. Kxd1 Bg4 8. Be2 e4 9. Nd4 Bxe2+ 10. Kxe2 a6 11. Be3 c5 12. Nf5 g6 13. Ng3 f5 14. Rad1 Nd7 15. Kd2 O-O-O 16. Kc1 Be7 17. c4 Nf6 18. h3 Rxd1+ 19. Rxd1 Rd8 20. Rxd8+ Kxd8 21. Ne2 Kd7 22. Nc3 Kc6 23. b3 Bd8 24. Na4 Nd7 25. Nc3 Nb6 26. Nd1 Bf6 27. c3 Nd7 28. Kc2 Nf8 29. Nf2 Ne6 30. g4 Bh4 31. Nh1 h6 32. gxf5 gxf5 33. Kd2 Kd6 34. Ke2 Bf6 35. Kd2 Ng7 36. Ng3 Bh4 37. Nh1 Be7 38. Ng3 Ke6 39. a3 a5 40. Kc2 Kf6 41. Kd2 Ne6 42. Kc2 Bd6 43. Ne2 Nf8 44. Kd2 Ng6 45. Ke1 Nh4 46. Kf2 Nf3 47. Kg3 Ne1 48. Bc1 Nd3 49. Be3 Be7 50. Kg2 Kg6 51. Kh2 Bh4 52. Ng3 a4 53. b4 cxb4 54. cxb4 Nxb4 55. axb4 a3 56. Bd4 Bf6 57. Ne2 a2 58. Nc1 Bxd4 59. Nxa2 Be3 60. Kg3 Bd2 61. b5 Kf6 62. c5 Ke6 63. b6 Kd5 64. c6 Kxc6 65. Kf2 Kxb6 66. Ke2 e3 67. Kd1 Kc5 68. Nc1 Bxc1 69. Kxc1 Kd4 70. Kd1 Kd3 0-1

[Event "GBR-ch109 Over 65"]
[Site "Leicester"]
[Date "2023.07.27"]
[Round "4.16"]
[White "Morley, Andrew J"]
[Black "Matthews, Gabriel"]
[Result "1/2-1/2"]
[WhiteElo "2089"]
[BlackElo "1783"]
[PlyCount "54"]
[EventDate "2023.07.24"]
[EventType "swiss"]
[EventRounds "7"]
[EventCountry "GBR"]
[SourceTitle "BritBase"]
[Source "John Saunders"]
[SourceDate "2025.01.31"]
[SourceVersion "1"]
[SourceVersionDate "2025.01.31"]
[SourceQuality "1"]

1. e4 e6 2. d4 d5 3. Nc3 dxe4 4. Nxe4 Nd7 5. Nf3 Ngf6 6. Nxf6+ Nxf6 7. Be3 Be7 8. Bd3 O-O 9. O-O b6 10. Qe2 Bb7 11. Ne5 c5 12. c3 cxd4 13. Bxd4 Bc5 14. Bxc5 bxc5 15. Rad1 Qe7 16. Rd2 Rad8 17. Rfd1 Rd5 18. Bc4 Rxd2 19. Rxd2 Bd5 20. f3 Rd8 21. Ng4 Bxc4 22. Rxd8+ Qxd8 23. Nxf6+ Qxf6 24. Qxc4 Qe5 25. Kf2 h6 26. g3 Qh5 27. Kg2 Qf5 1/2-1/2

[Event "GBR-ch109 Over 65"]
[Site "Leicester"]
[Date "2023.07.27"]
[Round "4.17"]
[White "Hawkins, James Nick"]
[Black "Tidmarsh, David A"]
[Result "1-0"]
[WhiteElo "1910"]
[BlackElo "1761"]
[PlyCount "121"]
[EventDate "2023.07.24"]
[EventType "swiss"]
[EventRounds "7"]
[EventCountry "GBR"]
[SourceTitle "BritBase"]
[Source "John Saunders"]
[SourceDate "2025.01.31"]
[SourceVersion "1"]
[SourceVersionDate "2025.01.31"]
[SourceQuality "1"]

1. e4 e5 2. Nf3 Nf6 3. Nxe5 d6 4. Nf3 Nxe4 5. Nc3 Nxc3 6. dxc3 Be7 7. Bd3 Nc6 8. Bf4 Bg4 9. h3 Bh5 10. g4 Bg6 11. Qd2 Qd7 12. O-O-O O-O-O 13. Rhe1 Bxd3 14. Qxd3 h6 15. Re3 g5 16. Bg3 h5 17. Qf5 Qxf5 18. gxf5 g4 19. hxg4 hxg4 20. Nd2 Rh5 21. Rde1 Bf6 22. Ne4 Be5 23. Bxe5 Nxe5 24. Ng3 Rh3 25. Kd1 Rdh8 26. b3 Re8 27. Ke2 Re7 28. Kf1 Rh8 29. Kg2 Rd8 30. Nh5 Rh8 31. Nf6 Kd8 32. Nxg4 Rg8 33. f3 Rg5 34. Kg3 Nc6 35. Kf4 Rxe3 36. Rxe3 Rg8 37. Nf6 Rh8 38. Kg3 Ne7 39. Kf4 Rh2 40. Kg5 Rg2+ 41. Ng4 Rxc2 42. Nh6 Rg2+ 43. Ng4 Rxa2 44. c4 Ra5 45. Nh6 b5 46. Kf6 Nc6 47. Nxf7+ Kd7 48. cxb5 Rxb5 49. f4 Rb4 50. Kg5 Nd4 51. Nh6 Rb5 52. Kg6 Nc2 53. Rc3 Nd4 54. f6 Ne6 55. f5 Nf8+ 56. Kg7 Rb8 57. Re3 d5 58. f7 d4 59. Re4 c5 60. Ng4 a5 61. Nf6+ 1-0

[Event "GBR-ch109 Over 65"]
[Site "Leicester"]
[Date "2023.07.27"]
[Round "4.18"]
[White "Daniels, David W"]
[Black "Fallowfield, Nicholas"]
[Result "1/2-1/2"]
[WhiteElo "1655"]
[BlackElo "1875"]
[PlyCount "27"]
[EventDate "2023.07.24"]
[EventType "swiss"]
[EventRounds "7"]
[EventCountry "GBR"]
[SourceTitle "BritBase"]
[Source "John Saunders"]
[SourceDate "2025.01.31"]
[SourceVersion "1"]
[SourceVersionDate "2025.01.31"]
[SourceQuality "1"]

1. d4 d5 2. Nf3 Nc6 3. Bf4 Bg4 4. c3 e6 5. e3 Bd6 6. Bg3 Nf6 7. Be2 Ne4 8. Bxd6 cxd6 9. Nbd2 O-O 10. Nxe4 dxe4 11. Nd2 Bxe2 12. Qxe2 d5 13. O-O f5 14. f4 1/2-1/2

[Event "GBR-ch109 Over 65"]
[Site "Leicester"]
[Date "2023.07.27"]
[Round "4.20"]
[White "Goodwin, Ed H"]
[Black "Gunn, Michael J"]
[Result "1-0"]
[WhiteElo "1824"]
[BlackElo "1606"]
[PlyCount "47"]
[EventDate "2023.07.24"]
[EventType "swiss"]
[EventRounds "7"]
[EventCountry "GBR"]
[SourceTitle "BritBase"]
[Source "John Saunders"]
[SourceDate "2025.01.31"]
[SourceVersion "1"]
[SourceVersionDate "2025.01.31"]
[SourceQuality "1"]

1. d4 d6 2. c4 Nf6 3. Nc3 Nbd7 4. e4 e5 5. d5 Be7 6. Nf3 c6 7. Be2 O-O 8. O-O a6 9. a4 cxd5 10. cxd5 Re8 11. Ne1 Nf8 12. Nd3 Ng6 13. Be3 Bd7 14. a5 Bb5 15. Nxb5 axb5 16. Bb6 Qd7 17. f3 Rec8 18. Qb3 Bd8 19. Bxd8 Rxd8 20. Nf2 Rdc8 21. Bxb5 Qd8 22. Qb4 Nf4 23. g3 Ne2+ 24. Bxe2 1-0

[Event "GBR-ch109 Over 65"]
[Site "Leicester"]
[Date "2023.07.27"]
[Round "4.21"]
[White "Willoughby, Robert H"]
[Black "Phillips, William"]
[Result "1-0"]
[WhiteElo "1564"]
[BlackElo "1808"]
[PlyCount "81"]
[EventDate "2023.07.24"]
[EventType "swiss"]
[EventRounds "7"]
[EventCountry "GBR"]
[SourceTitle "BritBase"]
[Source "John Saunders"]
[SourceDate "2025.01.31"]
[SourceVersion "1"]
[SourceVersionDate "2025.01.31"]
[SourceQuality "1"]

1. d4 Nf6 2. Bg5 d5 3. Bxf6 gxf6 4. e3 Bf5 5. Ne2 e5 6. Ng3 Bd7 7. c4 c6 8. a3 Na6 9. Nc3 Nc7 10. Qh5 Qe7 11. Be2 dxc4 12. O-O O-O-O 13. Bxc4 Be6 14. Bxe6+ Qxe6 15. dxe5 fxe5 16. Rfd1 Nd5 17. Nce4 Qg6 18. Qf3 Be7 19. Rac1 Kb8 20. Nc5 h5 21. e4 Nf6 22. b4 Bxc5 23. bxc5 Qg4 24. Rxd8+ Rxd8 25. Qxf6 Rd1+ 26. Rxd1 Qxd1+ 27. Nf1 Qd4 28. Qd6+ Qxd6 29. cxd6 Kc8 30. Ne3 b5 31. Kf1 Kd7 32. Nf5 a5 33. Ke2 c5 34. Kd3 a4 35. Kc3 Kc6 36. g3 Kd7 37. f4 exf4 38. gxf4 f6 39. e5 fxe5 40. fxe5 Ke6 41. Ng7+ 1-0

[Event "GBR-ch109 Over 65"]
[Site "Leicester"]
[Date "2023.07.27"]
[Round "4.22"]
[White "Carpenter, David J"]
[Black "Ramage, Colin R"]
[Result "0-1"]
[WhiteElo "1485"]
[BlackElo "1802"]
[PlyCount "62"]
[EventDate "2023.07.24"]
[EventType "swiss"]
[EventRounds "7"]
[EventCountry "GBR"]
[SourceTitle "BritBase"]
[Source "John Saunders"]
[SourceDate "2025.01.31"]
[SourceVersion "1"]
[SourceVersionDate "2025.01.31"]
[SourceQuality "1"]

1. Nf3 Nc6 2. g3 e5 3. d3 Nf6 4. Bg2 d5 5. O-O Bd6 6. Re1 O-O 7. e4 dxe4 8. dxe4 Bg4 9. h3 Bh5 10. Nbd2 Qe7 11. Nf1 Rfd8 12. c3 Bc5 13. Qc2 Rd7 14. Bg5 h6 15. Bxf6 Qxf6 16. N1h2 Rad8 17. Rad1 Qe6 18. a3 f6 19. Rd2 Rxd2 20. Nxd2 Qd7 21. Nhf3 Bf7 22. Bf1 a6 23. b4 Bb6 24. Re2 Be6 25. Kh2 Qd3 26. Ne1 Qxc2 27. Nxc2 Rd3 28. c4 Nd4 29. Nxd4 Bxd4 30. Nb1 Rb3 31. Re1 Bxf2 0-1

[Event "GBR-ch109 Over 65"]
[Site "Leicester"]
[Date "2023.07.27"]
[Round "4.23"]
[White "Dhillon, Tarsem"]
[Black "Erdogan, Hassan"]
[Result "0-1"]
[WhiteElo "1609"]
[BlackElo "1829"]
[PlyCount "78"]
[EventDate "2023.07.24"]
[EventType "swiss"]
[EventRounds "7"]
[EventCountry "GBR"]
[SourceTitle "BritBase"]
[Source "John Saunders"]
[SourceDate "2025.01.31"]
[SourceVersion "1"]
[SourceVersionDate "2025.01.31"]
[SourceQuality "1"]

1. e4 d6 2. d4 Nf6 3. Nc3 Nbd7 4. f4 e5 5. fxe5 dxe5 6. dxe5 Nxe5 7. Qxd8+ Kxd8 8. Bg5 c6 9. Nf3 Bd6 10. O-O-O Ke7 11. h3 Be6 12. Be2 h6 13. Be3 a5 14. Nd4 Bb4 15. a3 Bxc3 16. bxc3 Nxe4 17. Kb2 Ng3 18. Rhe1 Nxe2 19. Rxe2 Rad8 20. Rde1 Nc4+ 21. Kc1 Rhe8 22. Nxe6 fxe6 23. Bc5+ Kf7 24. Rf1+ Kg8 25. Ref2 Rd7 26. Rf4 b5 27. Rg4 Rd5 28. Bd4 e5 29. Bg1 Nxa3 30. Rf3 Rf8 31. Be3 Rxf3 32. gxf3 Kf7 33. f4 Nc4 34. Bf2 e4 35. Bd4 g6 36. Rg1 c5 37. Be5 a4 38. Kb1 Nxe5 39. fxe5 Rxe5 0-1

[Event "GBR-ch109 Over 65"]
[Site "Leicester"]
[Date "2023.07.27"]
[Round "4.24"]
[White "Graham, Neil"]
[Black "Scowen, Roger S"]
[Result "1/2-1/2"]
[WhiteElo "1764"]
[BlackElo "1831"]
[PlyCount "35"]
[EventDate "2023.07.24"]
[EventType "swiss"]
[EventRounds "7"]
[EventCountry "GBR"]
[SourceTitle "BritBase"]
[Source "John Saunders"]
[SourceDate "2025.01.31"]
[SourceVersion "1"]
[SourceVersionDate "2025.01.31"]
[SourceQuality "1"]

1. d4 e6 2. e4 d5 3. Be3 Nf6 4. e5 Nfd7 5. f4 c5 6. Nf3 cxd4 7. Bxd4 Nc6 8. Bf2 Bc5 9. Bxc5 Qa5+ 10. c3 Qxc5 11. Nd4 Nxd4 12. Qxd4 a5 13. Qxc5 Nxc5 14. Bb5+ Bd7 15. Bxd7+ Kxd7 16. Ke2 b5 17. Na3 Rhb8 18. Nc2 1/2-1/2

[Event "GBR-ch109 Over 65"]
[Site "Leicester"]
[Date "2023.07.27"]
[Round "4.25"]
[White "Dennis, Nigel W"]
[Black "Matthew, Ian G"]
[Result "1-0"]
[WhiteElo "1803"]
[BlackElo "1745"]
[PlyCount "105"]
[EventDate "2023.07.24"]
[EventType "swiss"]
[EventRounds "7"]
[EventCountry "GBR"]
[SourceTitle "BritBase"]
[Source "John Saunders"]
[SourceDate "2025.01.31"]
[SourceVersion "1"]
[SourceVersionDate "2025.01.31"]
[SourceQuality "1"]

1. e4 c5 2. Nf3 e6 3. d4 cxd4 4. Nxd4 a6 5. c4 Nf6 6. Nc3 Bb4 7. Bd3 Nc6 8. Nc2 Bxc3+ 9. bxc3 O-O 10. O-O Ne5 11. a4 d5 12. cxd5 exd5 13. exd5 Nxd3 14. Qxd3 Qxd5 15. Qxd5 Nxd5 16. c4 Nf6 17. Bb2 Be6 18. Bxf6 gxf6 19. Ne3 Rac8 20. Rfc1 Rc5 21. Rab1 Rb8 22. Rb6 Kg7 23. h3 Kg6 24. Kh2 Ra5 25. Ra1 Rc5 26. Rab1 Bxc4 27. Rxb7 Rxb7 28. Rxb7 Be6 29. Rb4 Bd7 30. Rd4 Be6 31. Rf4 a5 32. Ng4 Rf5 33. Rxf5 Bxf5 34. Ne3 Bd7 35. Nc4 Bxa4 36. Nxa5 Bb5 37. Nb3 Bc6 38. Kg3 Bb7 39. Nd4 Be4 40. Nf3 Bc2 41. Kf4 Bb1 42. Nh4+ Kg7 43. Nf5+ Kg6 44. Ne7+ Kg7 45. g4 Bd3 46. h4 Bc2 47. Nf5+ Kg8 48. h5 Bb1 49. h6 Bd3 50. Ne7+ Kh8 51. Nd5 Bc4 52. Nxf6 Be2 53. Ke5 1-0

[Event "GBR-ch109 Over 65"]
[Site "Leicester"]
[Date "2023.07.28"]
[Round "5.1"]
[White "Chapman, Terry PD"]
[Black "Giulian, Philip Maurice"]
[Result "1-0"]
[WhiteElo "2248"]
[BlackElo "2141"]
[PlyCount "91"]
[EventDate "2023.07.24"]
[EventType "swiss"]
[EventRounds "7"]
[EventCountry "GBR"]
[SourceTitle "BritBase"]
[Source "John Saunders"]
[SourceDate "2025.01.31"]
[SourceVersion "1"]
[SourceVersionDate "2025.01.31"]
[SourceQuality "1"]

1. d4 d5 2. Nf3 e6 3. g3 Nf6 4. Bg2 Be7 5. O-O O-O 6. c4 c6 7. Qc2 Nbd7 8. Rd1 b6 9. b3 Bb7 10. Nc3 Ba6 11. Nd2 b5 12. e4 dxc4 13. bxc4 bxc4 14. Qa4 Qc8 15. Nxc4 Nb6 16. Nxb6 axb6 17. Qb3 b5 18. Ba3 Qb7 19. Bb4 Rac8 20. Rac1 Rfd8 21. h4 h6 22. Bxe7 Qxe7 23. e5 Nd5 24. Ne4 b4 25. Nc5 Ra8 26. Bxd5 cxd5 27. Qxb4 Rdb8 28. Qc3 Bb5 29. Rd2 Ba4 30. Rb2 Rxb2 31. Qxb2 Qa7 32. Rb1 Bc6 33. a4 h5 34. Kg2 g6 35. Qb4 Kg7 36. Rb2 Kg8 37. Rb3 Kg7 38. Qc3 Qc7 39. Rb2 Kg8 40. Rb1 Ra7 41. Ra1 Qa5 42. Qxa5 Rxa5 43. Kf3 Kf8 44. Kf4 Be8 45. Ra3 Bc6 46. f3 1-0

[Event "GBR-ch109 Over 65"]
[Site "Leicester"]
[Date "2023.07.28"]
[Round "5.2"]
[White "Bray, David J"]
[Black "Orton, Stephen LA"]
[Result "1/2-1/2"]
[WhiteElo "1975"]
[BlackElo "2133"]
[PlyCount "38"]
[EventDate "2023.07.24"]
[EventType "swiss"]
[EventRounds "7"]
[EventCountry "GBR"]
[SourceTitle "BritBase"]
[Source "John Saunders"]
[SourceDate "2025.01.31"]
[SourceVersion "1"]
[SourceVersionDate "2025.01.31"]
[SourceQuality "1"]

1. e4 c5 2. c3 Nf6 3. e5 Nd5 4. d4 cxd4 5. Nf3 Nc6 6. cxd4 d6 7. Bc4 Nb6 8. Bb5 dxe5 9. Nxe5 Bd7 10. Nxd7 Qxd7 11. Nc3 Rd8 12. Be3 a6 13. Bxc6 Qxc6 14. O-O e6 15. Qg4 Nd5 16. Rac1 Nf6 17. Qe2 Be7 18. Rfd1 Nd5 19. Qf3 Nxc3 1/2-1/2

[Event "GBR-ch109 Over 65"]
[Site "Leicester"]
[Date "2023.07.28"]
[Round "5.3"]
[White "De Coverly, Roger D"]
[Black "Surtees, Michael J"]
[Result "1-0"]
[WhiteElo "1955"]
[BlackElo "2059"]
[PlyCount "97"]
[EventDate "2023.07.24"]
[EventType "swiss"]
[EventRounds "7"]
[EventCountry "GBR"]
[SourceTitle "BritBase"]
[Source "John Saunders"]
[SourceDate "2025.01.31"]
[SourceVersion "1"]
[SourceVersionDate "2025.01.31"]
[SourceQuality "1"]

1. Nf3 c6 2. g3 g6 3. Bg2 Bg7 4. O-O e5 5. e4 Ne7 6. d4 exd4 7. Nxd4 O-O 8. Nc3 d6 9. Be3 Nd7 10. Qe2 Ne5 11. Rad1 b5 12. Kh1 b4 13. Nb1 Qa5 14. Qe1 c5 15. Nb3 Qc7 16. f4 Nd7 17. Qd2 Ba6 18. Rfe1 c4 19. Nc1 Nc8 20. c3 Bb7 21. cxb4 Nf6 22. Nc3 a6 23. e5 dxe5 24. fxe5 Ng4 25. Bc5 Nxe5 26. Nd5 Qc6 27. Rxe5 Bxe5 28. Ne7+ Nxe7 29. Bxc6 Bxc6+ 30. Kg1 Rfe8 31. Qe2 Nf5 32. Qxc4 Bxb2 33. Nb3 Bb5 34. Qd5 Bf6 35. Nc1 h5 36. Qb3 Rab8 37. a4 Bc6 38. a5 Re4 39. Nd3 h4 40. Nf4 hxg3 41. hxg3 Kg7 42. Qd3 Rd8 43. Qc2 Rxd1+ 44. Qxd1 Nxg3 45. Qd6 Bb5 46. Qf8+ Kh7 47. Qxf7+ Bg7 48. Qxg6+ Kh8 49. Qxg3 1-0

[Event "GBR-ch109 Over 65"]
[Site "Leicester"]
[Date "2023.07.28"]
[Round "5.4"]
[White "Stimpson, Philip M"]
[Black "Punnett, Alan Kenneth"]
[Result "0-1"]
[WhiteElo "1893"]
[BlackElo "2051"]
[PlyCount "46"]
[EventDate "2023.07.24"]
[EventType "swiss"]
[EventRounds "7"]
[EventCountry "GBR"]
[SourceTitle "BritBase"]
[Source "John Saunders"]
[SourceDate "2025.01.31"]
[SourceVersion "1"]
[SourceVersionDate "2025.01.31"]
[SourceQuality "1"]

1. d4 Nf6 2. Nc3 d5 3. Bf4 e6 4. e3 Bd6 5. Bd3 Bxf4 6. exf4 Qd6 7. Qd2 a6 8. Nf3 c5 9. dxc5 Qxc5 10. O-O Nbd7 11. Ne5 b5 12. Rae1 O-O 13. Qe2 Qd6 14. Qf3 Nc5 15. g4 Bb7 16. b4 Nxd3 17. Nxd3 Ne4 18. Qh3 Nxc3 19. Nc5 Qxf4 20. Nxb7 Qxb4 21. Re3 Ne4 22. f3 Nd2 23. c3 Qe7 0-1

[Event "GBR-ch109 Over 65"]
[Site "Leicester"]
[Date "2023.07.28"]
[Round "5.5"]
[White "Jackson, Sheila"]
[Black "Lawson, Maurice E"]
[Result "1-0"]
[WhiteElo "2039"]
[BlackElo "1972"]
[PlyCount "165"]
[EventDate "2023.07.24"]
[EventType "swiss"]
[EventRounds "7"]
[EventCountry "GBR"]
[SourceTitle "BritBase"]
[Source "John Saunders"]
[SourceDate "2025.01.31"]
[SourceVersion "1"]
[SourceVersionDate "2025.01.31"]
[SourceQuality "1"]

1. e4 c6 2. Nc3 d5 3. Nf3 Bg4 4. h3 Bxf3 5. Qxf3 e6 6. d3 Nf6 7. g3 Bb4 8. Bd2 d4 9. Nb1 Bxd2+ 10. Nxd2 Qa5 11. Bg2 e5 12. Qe2 O-O 13. O-O Qc7 14. f4 Nbd7 15. f5 Rfd8 16. g4 Nf8 17. g5 Ne8 18. h4 f6 19. Rf2 b5 20. a3 c5 21. Bh3 Rac8 22. b3 Rd6 23. Rg2 Nd7 24. Bg4 Nb6 25. a4 bxa4 26. bxa4 a5 27. Nb3 c4 28. Nxa5 cxd3 29. Qxd3 Nd5 30. exd5 Qxa5 31. Bh5 Qxd5 32. Bf3 Qa5 33. Qb3+ Kf8 34. g6 hxg6 35. fxg6 Qc7 36. Rb1 Qc4 37. a5 Qxb3 38. Rxb3 Rd7 39. Bg4 Ke7 40. Bxd7 Kxd7 41. Rb7+ Kc6 42. Re7 Ra8 43. h5 Kd6 44. Rf7 Ke6 45. h6 Nd6 46. Rxg7 Nf5 47. Rh7 Nh4 48. Rg4 Nf3+ 49. Kf2 Ng5 50. Rc7 Kf5 51. Rh4 Kxg6 52. Rg7+ Kf5 53. h7 Nxh7 54. Rhxh7 Rxa5 55. Ke2 Ra3 56. Rh1 Re3+ 57. Kd2 Rf3 58. Re1 Ke6 59. Rgg1 Rh3 60. Rg2 Rf3 61. Ree2 Rh3 62. Rg7 Rf3 63. Rb7 Kf5 64. Rb3 Rf1 65. c3 dxc3+ 66. Rxc3 Rf4 67. Ke3 Rh4 68. Rf2+ Kg5 69. Rc6 f5 70. Rc8 Re4+ 71. Kd3 Rd4+ 72. Kc3 f4 73. Rc5 Kf5 74. Re2 Re4 75. Rxe4 Kxe4 76. Kd2 f3 77. Ke1 Kd4 78. Rc8 Ke3 79. Rf8 e4 80. Rf7 Kd3 81. Kf2 Kd2 82. Rd7+ Kc2 83. Ke3 1-0

[Event "GBR-ch109 Over 65"]
[Site "Leicester"]
[Date "2023.07.28"]
[Round "5.6"]
[White "Kelly, Ian G"]
[Black "Myall, Ivan J"]
[Result "0-1"]
[WhiteElo "1987"]
[BlackElo "1927"]
[PlyCount "36"]
[EventDate "2023.07.24"]
[EventType "swiss"]
[EventRounds "7"]
[EventCountry "GBR"]
[SourceTitle "BritBase"]
[Source "John Saunders"]
[SourceDate "2025.01.31"]
[SourceVersion "1"]
[SourceVersionDate "2025.01.31"]
[SourceQuality "1"]

1. Nf3 d5 2. c4 c6 3. b3 Bg4 4. g3 Bxf3 5. exf3 e6 6. d4 Nf6 7. Nd2 h5 8. Bg2 h4 9. O-O Bd6 10. Bb2 Nh5 11. f4 Qf6 12. Nf3 Nxf4 13. gxf4 h3 14. Ne5 hxg2 15. Kxg2 Bxe5 16. fxe5 Qg6+ 17. Kh1 Qh6 18. Kg2 Qh3+ 0-1

[Event "GBR-ch109 Over 65"]
[Site "Leicester"]
[Date "2023.07.28"]
[Round "5.7"]
[White "Moore, John C"]
[Black "Hutchinson, Norman A"]
[Result "1/2-1/2"]
[WhiteElo "1886"]
[BlackElo "1982"]
[PlyCount "119"]
[EventDate "2023.07.24"]
[EventType "swiss"]
[EventRounds "7"]
[EventCountry "GBR"]
[SourceTitle "BritBase"]
[Source "John Saunders"]
[SourceDate "2025.01.31"]
[SourceVersion "1"]
[SourceVersionDate "2025.01.31"]
[SourceQuality "1"]

1. e4 c6 2. d4 d5 3. Nc3 dxe4 4. Nxe4 Bf5 5. Ng3 Bg6 6. h4 h6 7. Nf3 Nd7 8. h5 Bh7 9. Bd3 Bxd3 10. Qxd3 e6 11. Bd2 Ngf6 12. O-O-O Be7 13. Qe2 Qb6 14. Rhe1 O-O 15. c4 Rfe8 16. Ne5 Rad8 17. Bc3 c5 18. Nxd7 Rxd7 19. dxc5 Rxd1+ 20. Rxd1 Qxc5 21. Ne4 Nxe4 22. Qxe4 Qxf2 23. Qxb7 Qf4+ 24. Kc2 Qxc4 25. Qxa7 Qe4+ 26. Kb3 Bf8 27. a3 Ra8 28. Qd4 Qb7+ 29. Ka2 Rb8 30. Ka1 Qb3 31. g4 f6 32. g5 Be7 33. gxh6 Rd8 34. Qxd8+ Bxd8 35. Rxd8+ Kh7 36. hxg7 Kxg7 37. h6+ Kxh6 38. Bxf6 Kg6 39. Bc3 Qc4 40. Rd4 Qf1+ 41. Ka2 Kf5 42. Ra4 Qf3 43. Ra5+ Ke4 44. Ra4+ Kd3 45. Rd4+ Kc2 46. Rd2+ Kc1 47. Kb3 e5 48. Rc2+ Kb1 49. Rd2 e4 50. Kc4 e3 51. Rd5 e2 52. Re5 Qf4+ 53. Kd5 Qf3+ 54. Kd4 Kc2 55. Re3 Qf2 56. a4 Qf4+ 57. Re4 Qd6+ 58. Ke3 Qg3+ 59. Kd4 Qd3+ 60. Ke5 1/2-1/2

[Event "GBR-ch109 Over 65"]
[Site "Leicester"]
[Date "2023.07.28"]
[Round "5.8"]
[White "Hutchinson, Paul A"]
[Black "Spanton, Timothy R"]
[Result "1-0"]
[WhiteElo "1996"]
[BlackElo "1800"]
[PlyCount "91"]
[EventDate "2023.07.24"]
[EventType "swiss"]
[EventRounds "7"]
[EventCountry "GBR"]
[SourceTitle "BritBase"]
[Source "John Saunders"]
[SourceDate "2025.01.31"]
[SourceVersion "1"]
[SourceVersionDate "2025.01.31"]
[SourceQuality "1"]

1. d4 d5 2. Bf4 e6 3. e3 Bd6 4. Bg3 Nf6 5. Nf3 b6 6. Bd3 Bb7 7. Nbd2 Nbd7 8. Ne5 Bxe5 9. dxe5 Ne4 10. Bxe4 dxe4 11. Qg4 Qe7 12. O-O-O h5 13. Qh3 O-O-O 14. f4 exf3 15. Nxf3 g5 16. Nd4 h4 17. Be1 Nxe5 18. e4 c5 19. Qa3 Qc7 20. Ne2 Rxd1+ 21. Kxd1 Rd8+ 22. Kc1 Bxe4 23. Qe3 Bxg2 24. Rg1 Qd6 25. Nc3 Bf3 26. b3 f6 27. Rf1 Qc6 28. a4 Kb7 29. Kb2 a5 30. Nb1 c4 31. Bc3 cxb3 32. cxb3 Rd3 33. Qc1 Rd5 34. Qe3 g4 35. Qh6 Nd3+ 36. Ka1 e5 37. Qxh4 Rc5 38. Qh7+ Qc7 39. Qxd3 e4 40. Qd4 f5 41. Bd2 Qf7 42. Nc3 Qxb3 43. Nb5 Qe6 44. Qg7+ Kc8 45. Bf4 Rc2 46. Nd6+ 1-0

[Event "GBR-ch109 Over 65"]
[Site "Leicester"]
[Date "2023.07.28"]
[Round "5.9"]
[White "Harding, Timothy David"]
[Black "Stokes, Mike R"]
[Result "1-0"]
[WhiteElo "1928"]
[BlackElo "1940"]
[PlyCount "91"]
[EventDate "2023.07.24"]
[EventType "swiss"]
[EventRounds "7"]
[EventCountry "GBR"]
[SourceTitle "BritBase"]
[Source "John Saunders"]
[SourceDate "2025.01.31"]
[SourceVersion "1"]
[SourceVersionDate "2025.01.31"]
[SourceQuality "1"]

1. d4 Nf6 2. Nc3 d5 3. Bf4 e6 4. Nb5 Na6 5. e3 c6 6. Nc3 Bd6 7. Nh3 b6 8. Bd3 Qe7 9. Bxd6 Qxd6 10. f4 Nb4 11. Be2 c5 12. O-O Nc6 13. Ng5 h6 14. Nf3 a6 15. Ne5 Bb7 16. Bf3 Qc7 17. Qd3 O-O-O 18. Na4 Nxe5 19. fxe5 Nd7 20. b3 Kb8 21. Nb2 f5 22. Rac1 b5 23. Qe2 g5 24. g3 g4 25. Bg2 c4 26. a4 h5 27. axb5 axb5 28. Rb1 h4 29. bxc4 hxg3 30. hxg3 dxc4 31. Nd1 Ba6 32. Nc3 Qb6 33. Rxb5 Bxb5 34. Rb1 Qa6 35. Rxb5+ Nb6 36. Qxc4 Rc8 37. Qb4 Rxc3 38. Rxb6+ Qxb6 39. Qxb6+ Kc8 40. Bb7+ Kd7 41. Qd6+ Ke8 42. Qxe6+ Kf8 43. Qf6+ Kg8 44. Bd5+ Kh7 45. Qxf5+ Kh6 46. Qf6+ 1-0